000 00310nam a2200121Ia 4500
003 OSt
005 20260414154716.0
008 201103b ||||| |||| 00| 0 eng d
100 _aBANSAL,RK
245 _aText Book of Fluid Mechanics and Hydraulic Machines
260 _aN. Delhi
_b Laxmi
_c2014
942 _2ddc
_cBK
999 _c6441
_d6441